000
00310nam a2200133Ia 4500
008
151001s9999||||xx |||||||||||||| ||und||
100
_a
ना ल मोरे
245
_a
विषारी नाग
250
_a
1
260
_b
मोरे ग ल
260
_c
1948
300
_a
70
365
_b
7.5
999
_c
948736
_d
948733